[Event "Indywidualne Mistrzostwa Polski Mlodzikow do lat 10 - Chlopcy"]
[Site "Szklarska Poreba"]
[Date "1899-12-30"]
[Round "4.5"]
[White "Uhryn, Lukasz"]
[Black "Wojtacha, Krzysztof"]
[Result "1-0"]
[WhiteTitle "II"]
[BlackTitle "II"]
[WhiteElo "1042"]
[BlackElo "1280"]

1. e4 c5 2. Nf3 e6 3. d4 cxd4 4. Nxd4 a6 5. c4 Nf6 6. Nc3 Qc7 7. Be3 Nc6 8. Be2
Bb4 9. a3 Bxc3+ 10. bxc3 Nxe4 11. O-O Nxc3 12. Qc2 Nxe2+ 13. Qxe2 O-O 14. Qg4
Kh8 15. h4 d5 16. Nxc6 bxc6 17. h5 f6 18. h6 e5 19. Qg3 d4 20. Bxd4 g6 21. Rab1
Rb8 22. Rbe1 Re8 23. Qf3 Qd6 24. Re3 Bf5 25. Bc3 Qe6 26. Rfe1 Qxc4 27. Re4 Qd5
28. g4 Rg8 29. Kh2 Qe6 30. gxf5 gxf5 31. Rxe5 Qd6 32. Kh1 Rg6 33. Re8+ Rg8 34.
Rxg8+ Rxg8 35. Qxf5 Rf8 36. Qxf6+ Qxf6 37. Bxf6+ Kg8 38. Bd4 Rf4 39. Be3 Ra4 40.
Rg1+ Kf8 41. Rg7 Rc4 42. Rxh7 Kg8 43. Rd7 c5 44. h7+ Kh8 45. Bg5 Rg4 46. Bf6+
Rg7 47. Rxg7 a5 48. Rb7# 1-0

[Event "Indywidualne Mistrzostwa Polski Mlodzikow do lat 10 - Chlopcy"]
[Site "Szklarska Poreba"]
[Date "1899-12-30"]
[Round "4.7"]
[White "Olszewski, Antoni"]
[Black "Trusewicz, Jakub"]
[Result "1-0"]
[WhiteTitle "II"]
[BlackTitle "II"]
[WhiteElo "1514"]
[BlackElo "1136"]

1. e4 e5 2. Nf3 Nc6 3. d4 exd4 4. Nxd4 Bc5 5. Nb3 Bb6 6. Nc3 d6 7. Qe2 Nf6 8. Be3
Bxe3 9. Qxe3 O-O 10. O-O-O a5 11. a3 Re8 12. f3 d5 13. Qf2 a4 14. Nd4 Ne5 15.
Nde2 c6 16. exd5 cxd5 17. Nf4 Qc7 18. Nfxd5 Nxd5 19. Nxd5 Qc6 20. Qb6 Bf5 21.
Qxc6 bxc6 22. Nc7 c5 23. Nxa8 Rxa8 24. Rd5 f6 25. Bd3 Nxd3+ 26. cxd3 Be6 27. Rxc5
1-0

[Event "Indywidualne Mistrzostwa Polski Mlodzikow do lat 10 - Chlopcy"]
[Site "Szklarska Poreba"]
[Date "1899-12-30"]
[Round "4.8"]
[White "Suska, Szymon"]
[Black "Sienicki, Oliwier"]
[Result "1-0"]
[WhiteTitle "II"]
[BlackTitle "II"]
[WhiteElo "1362"]
[BlackElo "1135"]

1. e4 c5 2. Nc3 Nc6 3. f4 g6 4. Nf3 Bg7 5. Bb5 Nd4 6. O-O Nxb5 7. Nxb5 a6 8. Nc3
d6 9. d3 Nf6 10. Qe1 O-O 11. Qh4 b5 12. f5 Bb7 13. Bh6 Rc8 14. Ng5 c4 15. Bxg7
Kxg7 16. fxg6 fxg6 17. Ne6+ Kg8 18. Nxd8 Rcxd8 19. Rf2 Rf7 20. Raf1 Rdf8 21. d4
b4 22. Nd5 Nxd5 23. Rxf7 Rxf7 24. Rxf7 Kxf7 25. Qxh7+ Kf6 26. exd5 Bxd5 27. Qh8+
Kf7 28. Qc8 c3 29. bxc3 bxc3 30. Qxa6 Kg8 31. a4 Kf7 32. a5 Be4 33. Qc4+ Ke8 34.
a6 Bxc2 35. a7 Be4 36. Qxc3 Bb7 37. a8=R+ Bxa8 38. Qc8+ Kf7 39. Qxa8 Ke6 40. Qe4+
Kf6 41. Kf2 e5 42. d5 g5 43. g4 Ke7 44. h4 gxh4 45. g5 h3 46. g6 Kf6 47. Kg3 h2
48. Kxh2 Kg7 49. Kh3 Kf6 50. Kh4 Kg7 51. Qf5 Kh6 52. Qf7 e4 53. Qh7# 1-0

[Event "Indywidualne Mistrzostwa Polski Mlodzikow do lat 10 - Chlopcy"]
[Site "Szklarska Poreba"]
[Date "1899-12-30"]
[Round "4.9"]
[White "Kwapisz, Piotr"]
[Black "Hryniewicz, Maciej"]
[Result "0-1"]
[WhiteTitle "II"]
[BlackTitle "II"]
[WhiteElo "1326"]
[BlackElo "1133"]

1. d4 Nf6 2. Nf3 e6 3. e3 d5 4. Bd3 c5 5. b3 Qb6 6. O-O Nc6 7. c3 Bd6 8. Qc2 O-O
9. Bb2 cxd4 10. cxd4 Bd7 11. Nc3 Rac8 12. Rac1 Bb4 13. Qb1 Rfe8 14. Ne2 Bd6 15.
Ne5 h6 16. Kh1 Nb4 17. f4 Nxd3 18. Qxd3 Bb5 19. Qd2 Ne4 20. Qe1 Qa6 21. a4 Bxe2
22. Rg1 Bb4 23. Bc3 Bxc3 24. Rxc3 Rxc3 25. h3 Rxe3 26. Qb4 f6 27. Nd7 Rxh3+ 28.
gxh3 Bf3+ 29. Kh2 Qe2+ 30. Rg2 Qxg2# 0-1

[Event "Indywidualne Mistrzostwa Polski Mlodzikow do lat 10 - Chlopcy"]
[Site "Szklarska Poreba"]
[Date "1899-12-30"]
[Round "4.10"]
[White "Wichrowski, Krzysztof"]
[Black "Bochniak, Franciszek"]
[Result "1-0"]
[WhiteTitle "II"]
[BlackTitle "II"]
[WhiteElo "1134"]
[BlackElo "1263"]

1. e4 e5 2. Nf3 Nc6 3. Bb5 Nf6 4. O-O Nxe4 5. Re1 Nd6 6. Bxc6 dxc6 7. Nxe5 Be7
8. Nc3 O-O 9. d3 Bf5 10. Bf4 Bg5 11. Qd2 Bf6 12. Nf3 Re8 13. Rxe8+ Nxe8 14. Re1
Nd6 15. h3 Qd7 16. Be5 Bxe5 17. Nxe5 Qd8 18. Qf4 Bg6 19. Nxg6 hxg6 20. Ne4 Nxe4
21. Rxe4 Qd6 22. Qxd6 cxd6 23. Re7 Rb8 24. Kf1 g5 25. Ke2 g6 26. g4 Kg7 27. Ke3
Kf6 28. Rc7 Re8+ 29. Kf3 Re7 30. Rxe7 Kxe7 31. Ke3 c5 32. f4 gxf4+ 33. Kxf4 f6
34. h4 Ke6 35. c4 g5+ 36. hxg5 fxg5+ 37. Kxg5 Ke5 38. Kh6 Kd4 39. g5 Kxd3 40.
b3 Kc3 41. g6 Kb2 42. g7 Kxa2 43. g8=Q Kxb3 44. Qd5 b6 45. Qxd6 Kxc4 46. Qc7 b5
47. Qxa7 b4 48. Qa1 b3 49. Qc1+ Kb4 50. Kg5 c4 51. Kf4 c3 52. Ke3 Kc4 53. Qd1
Kb4 54. Qd4+ Ka3 55. Qxc3 Ka2 56. Qa5+ Kb1 57. Kd2 b2 58. Kc3 Kc1 59. Qh5 b1=N+
60. Kd3 Na3 61. Qa5 Nb1 62. Qb4 Nd2 63. Qxd2+ Kb1 64. Kc3 Ka1 65. Qb2# 1-0

[Event "Indywidualne Mistrzostwa Polski Mlodzikow do lat 10 - Chlopcy"]
[Site "Szklarska Poreba"]
[Date "1899-12-30"]
[Round "4.11"]
[White "Klim, Juliusz"]
[Black "Oglaza, Dawid"]
[Result "0-1"]
[WhiteTitle "II"]
[BlackTitle "II"]
[WhiteElo "1239"]
[BlackElo "1124"]

1. e4 e5 2. Nf3 Nc6 3. Bc4 Bc5 4. c3 Nf6 5. d3 O-O 6. O-O d5 7. exd5 Nxd5 8. Re1
Bg4 9. h3 Bh5 10. b4 Be7 11. b5 Na5 12. Rxe5 Nf6 13. Nbd2 Bd6 14. Re1 Re8 15.
Rxe8+ Qxe8 16. Qe1 Qxe1+ 17. Nxe1 Re8 18. Bb2 Re2 19. Rd1 Bf4 20. Bc1 h6 21. f3
Nxc4 22. Nxc4 Bxc1 23. Rxc1 Rxa2 24. Ne5 a6 25. Rb1 axb5 26. Rxb5 b6 27. c4 Ra5
28. g4 Rxb5 29. cxb5 Bg6 30. f4 Nd5 31. f5 Bh7 32. Nc2 f6 33. Nc6 Kf8 34. N2b4
Nxb4 35. Nxb4 Ke7 36. Kf2 Kd6 37. Ke3 Bg8 38. Ke4 Bf7 39. Nc6 Bd5+ 40. Kd4 Bxc6
41. bxc6 Kxc6 42. Kc4 b5+ 43. Kb4 Kb6 44. d4 Kc6 45. Kc3 Kd5 46. Kd3 b4 47. h4
b3 48. Kc3 b2 49. Kxb2 Kxd4 50. Kc2 Ke4 51. Kc3 Kf4 0-1

[Event "Indywidualne Mistrzostwa Polski Mlodzikow do lat 10 - Chlopcy"]
[Site "Szklarska Poreba"]
[Date "1899-12-30"]
[Round "4.12"]
[White "Kawa, Bartlomiej"]
[Black "Rosa, Antoni"]
[Result "1/2-1/2"]
[WhiteTitle "II"]
[BlackTitle "II"]
[WhiteElo "1060"]
[BlackElo "1203"]

1. e4 c5 2. Nf3 e6 3. d4 cxd4 4. Nxd4 Nc6 5. Nc3 Qc7 6. Be3 a6 7. Bc4 b5 8. Be2
Bb7 9. Nxc6 Bxc6 10. a3 Nf6 11. f3 Be7 12. O-O Bd6 13. h3 Nh5 14. Bf2 Bg3 15.
Qe1 O-O 16. f4 Bxf2+ 17. Qxf2 Nf6 18. Bd3 d5 19. exd5 Nxd5 20. Qh4 g6 21. Ne4
Qd8 22. Ng5 Nf6 23. Qh6 Qd4+ 24. Kh2 Qxb2 25. g4 Rad8 26. Kg3 Qc3 27. Kh4 Qd4
28. Rad1 Qa4 29. f5 Rd4 30. Rg1 exf5 31. Bxf5 Rf4 32. Rd6 Rxf5 1/2-1/2

[Event "Indywidualne Mistrzostwa Polski Mlodzikow do lat 10 - Chlopcy"]
[Site "Szklarska Poreba"]
[Date "1899-12-30"]
[Round "4.13"]
[White "Przybylski, Jan"]
[Black "Macura, Mateusz"]
[Result "1/2-1/2"]
[WhiteTitle "II"]
[BlackTitle "II"]
[WhiteElo "1140"]
[BlackElo "1095"]

1. e4 d5 2. exd5 Nf6 3. d4 Bg4 4. Be2 Bxe2 5. Qxe2 Qxd5 6. Nf3 Nc6 7. O-O O-O-O
8. Be3 Qh5 9. Re1 e6 10. c4 e5 11. d5 Ne7 12. h3 e4 13. Nd4 Qxe2 14. Rxe2 c6 15.
dxc6 Nxc6 16. Nxc6 bxc6 17. Nc3 a6 18. a3 g6 19. Bg5 Bg7 20. Rb1 h6 21. Bf4 Rhe8
22. Rbe1 Rd4 23. b3 Nh5 24. Bh2 f5 25. Na4 Red8 26. Nc5 Rd1 27. Kf1 Bc3 28. Nxa6
Rxe1+ 29. Rxe1 Bxe1 30. Kxe1 f4 31. Nc5 Re8 32. Kd2 g5 33. a4 Re5 34. Na6 e3+
35. fxe3 fxe3+ 36. Ke1 Nf4 37. Bxf4 gxf4 38. Nb4 Kb7 39. Nd3 Rf5 40. Ke2 Rf6 41.
b4 Kb6 42. a5+ Ka6 43. Nc5+ Ka7 44. Nd3 c5 45. Nxc5 h5 46. Nd3 1/2-1/2

[Event "Indywidualne Mistrzostwa Polski Mlodzikow do lat 10 - Chlopcy"]
[Site "Szklarska Poreba"]
[Date "1899-12-30"]
[Round "4.14"]
[White "Cichon, Aleksander"]
[Black "Uhryn, Mateusz"]
[Result "1/2-1/2"]
[WhiteTitle "III"]
[BlackTitle "II"]
[WhiteElo "1085"]
[BlackElo "1410"]

1. e4 c5 2. Nf3 Nc6 3. c3 d5 4. exd5 Qxd5 5. d4 Nf6 6. Be2 e6 7. O-O Be7 8. Na3
O-O 9. h3 b6 10. Nb5 Qd7 11. Bf4 Bb7 12. Ne5 Nxe5 13. dxe5 Qxd1 14. Raxd1 Nd5
15. Bg3 a6 16. Na3 Rfd8 17. Bf3 Rab8 18. Rd3 b5 19. Rfd1 c4 20. R3d2 Ba8 21. Nc2
a5 22. Nd4 b4 23. Ne2 Kf8 24. Kf1 Ke8 25. Ke1 Bg5 26. Rd4 Rbc8 27. h4 Be7 28.
Rg4 Kf8 29. Rgd4 Bc5 30. R4d2 Be7 1/2-1/2

[Event "Indywidualne Mistrzostwa Polski Mlodzikow do lat 10 - Chlopcy"]
[Site "Szklarska Poreba"]
[Date "1899-12-30"]
[Round "4.15"]
[White "Kozak, Karol"]
[Black "Micula, Jakub"]
[Result "1-0"]
[WhiteTitle "II"]
[BlackTitle "II+"]
[WhiteElo "1133"]
[BlackElo "1357"]

1. e4 c5 2. Nf3 d6 3. d4 cxd4 4. Nxd4 Nf6 5. Nc3 a6 6. f3 e5 7. Nb3 Be6 8. Be3
Be7 9. Qd2 O-O 10. O-O-O Nbd7 11. g4 b5 12. Nd5 Bxd5 13. exd5 Qc7 14. g5 Ne8 15.
Na5 Bd8 16. Nc6 Nb8 17. Nxd8 Qxd8 18. h4 Nd7 19. Bh3 Nb6 20. b3 a5 21. h5 a4 22.
Kb1 axb3 23. cxb3 Ra6 24. g6 Nf6 25. h6 Nbxd5 26. hxg7 Re8 27. gxh7+ Kxg7 28.
Bh6+ Kh8 29. Rdg1 Nh5 30. Qxd5 Qa5 31. b4 Qxb4+ 32. Qb3 Qxb3+ 33. axb3 Rea8 34.
Rg5 Ra1+ 35. Kc2 Rxh1 36. Rxh5 Ra2+ 37. Kd3 Rd1+ 38. Ke4 Re2+ 39. Kf5 Kxh7 40.
Kf6 Kg8 41. Bg7 Rd3 42. Rh8# 1-0

[Event "Indywidualne Mistrzostwa Polski Mlodzikow do lat 10 - Chlopcy"]
[Site "Szklarska Poreba"]
[Date "1899-12-30"]
[Round "4.16"]
[White "Balis, Sebastian"]
[Black "Kubik, Bartosz"]
[Result "0-1"]
[WhiteTitle "II"]
[BlackTitle "II"]
[WhiteElo "1253"]
[BlackElo "1148"]

1. e4 e5 2. Nf3 Nc6 3. Bc4 Bc5 4. O-O Nf6 5. d4 Bxd4 6. Nxd4 Nxd4 7. f4 d6 8. fxe5
dxe5 9. Bg5 Qe7 10. c3 Ne6 11. Bxe6 Bxe6 12. Kh1 h6 13. Bh4 g5 14. Bg3 Nd7 15.
Qa4 O-O-O 16. Qxa7 Bc4 17. Rf2 Nb6 18. Rd2 Ba6 19. a4 Qf6 20. Rxd8+ Rxd8 21. Na3
Qd6 22. Kg1 Nxa4 23. Qf2 Qd1+ 24. Qe1 Qxe1+ 25. Bxe1 Nxb2 26. Rb1 Nd3 27. Bg3
Nf4 28. h4 Ne2+ 29. Kh2 Nxg3 30. Kxg3 Rd3+ 31. Kg4 Rxc3 32. Nb5 Bxb5 33. Rxb5
f6 34. hxg5 hxg5 35. Kf5 Rc6 36. g4 b6 37. Kg6 Kd7 38. Kf5 Ke7 39. Rd5 Rd6 40.
Rb5 c5 41. Kg6 Rc6 42. Rb1 Ke6 43. Rf1 Kd7 44. Rxf6 Rxf6+ 45. Kxf6 c4 46. Kxg5
c3 47. Kf6 c2 48. g5 c1=Q 49. g6 Qf4+ 50. Kg7 Ke7 51. Kh8 Qh6+ 52. Kg8 Qxg6+ 53.
Kh8 Qg1 0-1

[Event "Indywidualne Mistrzostwa Polski Mlodzikow do lat 10 - Chlopcy"]
[Site "Szklarska Poreba"]
[Date "1899-12-30"]
[Round "4.18"]
[White "Zmarzly, Wiktor"]
[Black "Wolski, Ernest"]
[Result "1-0"]
[WhiteTitle "II"]
[BlackTitle "II"]
[WhiteElo "1226"]
[BlackElo "1004"]

1. d4 f5 2. c4 Nf6 3. Nc3 e6 4. g3 Bb4 5. Qc2 O-O 6. Bg2 d5 7. c5 Bxc3+ 8. Qxc3
b6 9. f3 bxc5 10. Qxc5 Qd6 11. Qxd6 cxd6 12. Bf4 Rd8 13. Rc1 Bb7 14. Nh3 h6 15.
Nf2 Nc6 16. Rd1 Ba6 17. e4 dxe4 18. fxe4 e5 19. dxe5 dxe5 20. Be3 Rxd1+ 21. Kxd1
Rd8+ 22. Kc1 Rc8 23. Kd2 fxe4 24. Nxe4 Nxe4+ 25. Bxe4 Rd8+ 26. Kc1 Nd4 27. Rd1
Rc8+ 28. Kb1 Rd8 29. Bxd4 Rxd4 30. Rxd4 exd4 31. Kc2 Kf7 32. Bd3 Bb7 33. b4 Ke6
34. a4 Ke5 35. a5 a6 36. b5 axb5 37. Bxb5 Ke4 38. a6 Ba8 39. Kd2 Kf3 40. Bd7 Kg2
41. Bc8 Kxh2 42. Bb7 1-0

[Event "Indywidualne Mistrzostwa Polski Mlodzikow do lat 10 - Chlopcy"]
[Site "Szklarska Poreba"]
[Date "1899-12-30"]
[Round "4.19"]
[White "Grobelny, Mikolaj"]
[Black "Jablonski, Dawid"]
[Result "1-0"]
[WhiteTitle "II+"]
[BlackTitle "II"]
[WhiteElo "1177"]
[BlackElo "1087"]

1. c3 d5 2. d4 c6 3. Qc2 Nf6 4. e3 g6 5. Bd3 Bg7 6. f4 Qd6 7. Nf3 c5 8. b3 Nc6
9. Ne5 Bd7 10. Nd2 cxd4 11. exd4 O-O 12. O-O Rac8 13. Nxc6 Qxc6 14. Bb2 Ng4 15.
Qc1 Qb6 16. Nf3 e5 17. fxe5 Nxe5 18. Nxe5 Bxe5 19. Qd2 Rce8 20. Kh1 Bd6 21. Rf6
Re6 22. Raf1 Qd8 23. R6f3 Qe7 24. Qf2 f5 25. c4 Bc6 26. c5 Bc7 27. Bc1 Kg7 28.
Rh3 Re8 29. Bd2 b6 30. b4 Ra8 31. b5 Bb7 32. c6 Bc8 33. Qf3 Qd8 34. g4 Re8 35.
gxf5 Qf6 36. Rxh7+ Kg8 37. Rxc7 Re7 38. Rxe7 Qxe7 39. Qxd5+ Qf7 40. Qxf7+ Kxf7
41. fxg6+ Kg7 42. Rf7+ Kg8 43. Bc4 Be6 44. Bxe6 Re8 45. Re7+ Kf8 46. Rxe8+ Kxe8
47. Bb4 a5 48. Bd6 a4 49. g7 1-0

[Event "Indywidualne Mistrzostwa Polski Mlodzikow do lat 10 - Chlopcy"]
[Site "Szklarska Poreba"]
[Date "1899-12-30"]
[Round "4.20"]
[White "Dietrich, Pawel"]
[Black "Dobrowolski, Kamil"]
[Result "1/2-1/2"]
[WhiteTitle "II"]
[BlackTitle "III"]
[WhiteElo "1150"]
[BlackElo "1006"]

1. e4 c5 2. Nf3 Nc6 3. d4 cxd4 4. Nxd4 e5 5. Nb5 d6 6. N1c3 a6 7. Na3 b5 8. Nd5
Nge7 9. Be3 Nxd5 10. exd5 Ne7 11. c4 b4 12. Nc2 a5 13. Bd3 g6 14. O-O Bg7 15.
Qd2 Bf5 16. Rad1 Bxd3 17. Qxd3 Nf5 18. b3 O-O 19. h3 Re8 20. Qd2 Nxe3 21. Qxe3
e4 22. Nd4 Qb6 23. Nf5 Qxe3 24. Nxe3 a4 25. bxa4 Rxa4 26. Rb1 Rb8 27. Nc2 Bc3
28. a3 b3 29. f3 Rxc4 30. fxe4 Bd4+ 31. Nxd4 Rxd4 32. Rf3 1/2-1/2

[Event "Indywidualne Mistrzostwa Polski Mlodzikow do lat 10 - Chlopcy"]
[Site "Szklarska Poreba"]
[Date "1899-12-30"]
[Round "4.21"]
[White "Zabrzanski, Marcin"]
[Black "Bieronski, Nikodem"]
[Result "0-1"]
[WhiteTitle "II"]
[BlackTitle "II"]
[WhiteElo "1013"]
[BlackElo "1168"]

1. e4 e6 2. Nf3 d5 3. Nc3 c5 4. exd5 exd5 5. Bb5+ Nc6 6. O-O Be6 7. d4 Bd6 8. dxc5
Bxc5 9. Re1 Nge7 10. Bf4 O-O 11. Bxc6 bxc6 12. Ne5 Qb6 13. Nd3 Ng6 14. Nxc5 Nxf4
15. Nxe6 Nxe6 16. b3 Qd4 17. Qf3 Ng5 18. Qe3 Qf6 19. Na4 Ne4 20. Re2 Qxa1+ 21.
Re1 Qf6 22. f3 Nd6 23. Nc5 Rfe8 24. Qf2 Rxe1+ 25. Qxe1 Qd4+ 26. Qf2 Qxf2+ 27.
Kxf2 Rb8 28. a4 Re8 29. g4 f5 30. h3 fxg4 31. hxg4 Rf8 32. Ne6 Rf6 33. Nd4 Ne4+
34. Ke3 Ng5 35. f4 Ne6 36. f5 Nxd4 37. Kxd4 0-1

[Event "Indywidualne Mistrzostwa Polski Mlodzikow do lat 10 - Chlopcy"]
[Site "Szklarska Poreba"]
[Date "1899-12-30"]
[Round "4.22"]
[White "Dobosiewicz, Dawid"]
[Black "Dunda, Szymon"]
[Result "1/2-1/2"]
[WhiteTitle "II"]
[BlackTitle "II"]
[WhiteElo "1263"]
[BlackElo "1030"]

1. e4 e5 2. Nc3 Nf6 3. Bc4 Nc6 4. d3 Na5 5. Bb3 Nxb3 6. axb3 c6 7. Nf3 d6 8. Bd2
Be7 9. Qe2 Be6 10. h3 O-O 11. O-O h6 12. Rfd1 Re8 13. Be1 c5 14. Nd2 Qd7 15. f3
a6 16. Nf1 Nh5 17. Bd2 f6 18. Na4 Rad8 19. g4 Nf4 20. Bxf4 exf4 21. Qh2 g5 22.
Nc3 d5 23. Kh1 d4 24. Ne2 Kg7 25. h4 Bd6 26. Nd2 Rh8 27. h5 Bc7 28. Qg2 Rhe8 29.
Re1 Bf7 30. Ng1 Qc6 31. Nc4 Bxc4 32. bxc4 Qb6 33. b3 Qc6 34. Qd2 Qd6 35. Re2 Re7
36. Nh3 Kf7 37. Nf2 Kg7 38. Ree1 Qb6 39. Nd1 Qd6 40. Nb2 Rde8 41. Na4 Re5 42.
Nb2 Qd8 1/2-1/2

[Event "Indywidualne Mistrzostwa Polski Mlodzikow do lat 10 - Chlopcy"]
[Site "Szklarska Poreba"]
[Date "1899-12-30"]
[Round "4.25"]
[White "Futyma, Dawid"]
[Black "Jaszczuk, Piotr"]
[Result "1/2-1/2"]
[WhiteTitle "II"]
[BlackTitle "II"]
[WhiteElo "1044"]
[BlackElo "1112"]

1. d4 Nf6 2. c4 e6 3. Nc3 Bb4 4. Bd2 Bxc3 5. Bxc3 b6 6. Nf3 Bb7 7. Qc2 O-O 8. e3
Ne4 9. O-O-O d6 10. d5 Nxc3 11. Qxc3 e5 12. h4 Bc8 13. e4 Nd7 14. Bd3 Nc5 15.
b4 Nxd3+ 16. Qxd3 f5 17. Nd2 fxe4 18. Nxe4 Bf5 19. f3 Bxe4 20. fxe4 Rf4 21. g3
Rf7 22. Rdf1 Qe7 23. Rxf7 Qxf7 24. Rf1 Qe7 25. Kd2 Rf8 26. Ke3 Rxf1 27. Qxf1 Qf7
28. Qh3 Qe8 29. b5 Qd8 30. Qf5 g6 31. Qg5 Qxg5+ 32. hxg5 Kf7 33. g4 Kg7 34. Kf3
h6 35. gxh6+ Kxh6 36. Kg3 Kg5 37. a3 Kh6 38. Kh4 g5+ 39. Kg3 Kg6 40. Kf3 Kf6 41.
Ke3 Ke7 42. Kd3 Kd8 43. Kc3 Kc8 44. Kb4 Kb7 45. Kb3 Kb8 46. Kc3 Kb7 47. Kb4 Kb8
48. a4 Kb7 49. a5 a6 50. axb6 Kxb6 51. bxa6 Kxa6 52. c5 Ka7 53. Kb5 Kb7 54. c6+
Kb8 1/2-1/2

[Event "Indywidualne Mistrzostwa Polski Mlodzikow do lat 10 - Chlopcy"]
[Site "Szklarska Poreba"]
[Date "1899-12-30"]
[Round "4.26"]
[White "Adamala, Tomasz"]
[Black "Makuch, Tomasz"]
[Result "0-1"]
[WhiteTitle "III"]
[BlackTitle "II"]
[WhiteElo "1036"]
[BlackElo "1098"]

1. e4 c5 2. Nf3 g6 3. c4 Nc6 4. d4 cxd4 5. Nxd4 Nf6 6. Nc3 d6 7. Nc2 Bg7 8. Be2
O-O 9. O-O Be6 10. Be3 Qa5 11. f3 Rfc8 12. Qd2 Ne5 13. b3 a6 14. h3 b5 15. f4
Ned7 16. Nd5 Qxd2 17. Bxd2 Nxe4 18. Nxe7+ Kf8 19. Nxc8 Nxd2 20. Nxd6 Nxf1 21.
Rxf1 Ke7 22. Bf3 Rb8 23. Nb7 bxc4 24. Nb4 Kf8 25. Nxa6 cxb3 26. axb3 Rc8 27. b4
Bc4 28. Rc1 Ke7 29. Re1+ Kf8 30. Rc1 Bd4+ 31. Kh1 Be3 32. Rc3 Bxf4 33. b5 Nb6
34. Bc6 Bxb5 0-1

[Event "Indywidualne Mistrzostwa Polski Mlodzikow do lat 10 - Chlopcy"]
[Site "Szklarska Poreba"]
[Date "1899-12-30"]
[Round "4.31"]
[White "Kudraszow, Filip"]
[Black "Chmielewski, Jakub"]
[Result "1/2-1/2"]
[WhiteTitle "II"]
[BlackTitle "II"]
[WhiteElo "1075"]
[BlackElo "1098"]

1. e4 e5 2. Nf3 Nc6 3. Bb5 Bc5 4. O-O Nf6 5. d3 d6 6. Nc3 O-O 7. Bg5 h6 8. Bh4
Bg4 9. h3 Bh5 10. g4 Bg6 11. Nd5 Nd4 12. Nxf6+ gxf6 13. Bc4 c6 14. c3 Ne6 15.
Bb3 Nf4 16. Kh2 Kg7 17. Bc2 Qd7 18. Bg3 Ne6 19. b4 Bb6 20. Ba4 Bc7 21. c4 b5 22.
cxb5 cxb5 23. Bb3 Rac8 24. Rc1 Bb6 25. Qd2 Rxc1 26. Rxc1 Rc8 27. Kg2 h5 28. Rc2
hxg4 29. hxg4 Nd8 30. Nh2 Rxc2 31. Qxc2 Qc6 32. Nf1 Qxc2 33. Bxc2 Nc6 34. a3 Bd4
35. Nd2 a5 36. bxa5 Nxa5 37. a4 bxa4 38. Bxa4 Nb7 39. Bb5 Nc5 40. Bc4 Kf8 41.
f3 Bh7 42. Bf2 Bc3 43. Nb3 Nxb3 44. Bxb3 Bg8 45. Bb6 f5 46. gxf5 f6 47. Bxg8 Kxg8
48. Bc7 Bb4 49. Kg3 Kg7 50. f4 Bc5 51. fxe5 dxe5 52. Kf3 Kh6 53. Kg4 Ba7 54. Bd8
Kg7 55. Kf3 Bc5 56. Ke2 Bb4 57. Kd1 Kf7 58. Kc2 Be7 59. Bxe7 Kxe7 60. Kc3 Kd7
61. Kb4 Kc6 62. Kc4 Kd6 63. Kb5 Kd7 64. Kc5 Kc7 65. Kb5 Kb7 66. Kc5 Kc7 67. Kd5
Kd7 1/2-1/2

[Event "Indywidualne Mistrzostwa Polski Mlodzikow do lat 10 - Chlopcy"]
[Site "Szklarska Poreba"]
[Date "1899-12-30"]
[Round "5.1"]
[White "Liskiewicz, Jakub"]
[Black "Sowinski, Pawel"]
[Result "0-1"]
[WhiteTitle "I"]
[BlackTitle "I"]
[WhiteElo "1260"]
[BlackElo "1427"]

1. d4 d5 2. c4 e5 3. dxe5 d4 4. Nf3 Nc6 5. g3 Bf5 6. Bg2 Bc5 7. O-O Nge7 8. a3
a5 9. b3 Ng6 10. Nbd2 O-O 11. Bb2 Qd7 12. Re1 Rad8 13. Nf1 Ngxe5 14. Nxe5 Nxe5
15. Qd2 Rfe8 16. Qxa5 b6 17. Qd2 b5 18. Rac1 bxc4 19. bxc4 c6 20. Red1 Bg4 21.
Qa5 Qe7 22. Rc2 Ra8 23. Qd2 d3 24. exd3 Bxd1 25. Qxd1 Red8 26. Bxe5 Qxe5 27. Bxc6
Rxa3 28. Rd2 Qd4 29. Be4 g6 30. Qe2 Ra7 31. Ne3 Re7 32. Nd5 Re5 33. Rb2 f5 34.
Rb7 Rf8 35. Qf3 Rxe4 36. dxe4 fxe4 37. Qe3 Qd1+ 38. Kg2 Bxe3 39. Ne7+ Kh8 40.
c5 Rxf2+ 41. Kh3 Qh5# 0-1

[Event "Indywidualne Mistrzostwa Polski Mlodzikow do lat 10 - Chlopcy"]
[Site "Szklarska Poreba"]
[Date "1899-12-30"]
[Round "5.2"]
[White "Mulawa, Cyprian"]
[Black "Komendecki, Antoni"]
[Result "1/2-1/2"]
[WhiteTitle "II"]
[BlackTitle "II"]
[WhiteElo "1449"]
[BlackElo "1271"]

1. e4 c5 2. Nf3 e6 3. d4 cxd4 4. Nxd4 Nf6 5. Bd3 Nc6 6. Be3 e5 7. Nb3 d5 8. exd5
Nxd5 9. Bd2 Be7 10. O-O O-O 11. Nc3 Be6 12. Ne4 b6 13. Bb5 Rc8 14. Nc3 Bf6 15.
Ne4 Be7 16. Nc3 Bf6 17. Nxd5 Qxd5 18. Bxc6 Qxc6 19. Rc1 Rfd8 20. Qf3 Qxf3 21.
gxf3 Bxb3 22. cxb3 Rxc1 23. Bxc1 g5 24. Be3 Be7 25. Rc1 Rd7 26. Kf1 f5 27. Ke2
Kf7 28. Rc6 f4 29. Bd2 Bd6 30. Bc3 Ke6 31. b4 Rc7 32. Rxc7 Bxc7 33. Kd3 Kd5 34.
Ke4+ 1/2-1/2

[Event "Indywidualne Mistrzostwa Polski Mlodzikow do lat 10 - Chlopcy"]
[Site "Szklarska Poreba"]
[Date "1899-12-30"]
[Round "5.3"]
[White "Warchol, Kamil"]
[Black "Uhryn, Lukasz"]
[Result "1-0"]
[WhiteTitle "CM"]
[BlackTitle "II"]
[WhiteElo "1622"]
[BlackElo "1042"]

1. e4 c5 2. Nf3 d6 3. d4 cxd4 4. Nxd4 Nf6 5. Nc3 g6 6. Be3 Bg7 7. f3 O-O 8. g4
Nc6 9. Qd2 Nxd4 10. Bxd4 Be6 11. h4 Qa5 12. h5 gxh5 13. Bxf6 exf6 14. Rxh5 Qb6
15. O-O-O Rfd8 16. Bd3 Rac8 17. Rdh1 f5 18. gxf5 Bxa2 19. f6 Bxf6 20. Qh6 Rxc3
21. bxc3 Bxc3 22. Rg5+ Kh8 23. Qxh7# 1-0

[Event "Indywidualne Mistrzostwa Polski Mlodzikow do lat 10 - Chlopcy"]
[Site "Szklarska Poreba"]
[Date "1899-12-30"]
[Round "5.4"]
[White "Wielgus, Wojciech"]
[Black "Jasiulewicz, Dawid"]
[Result "1-0"]
[WhiteTitle "I"]
[BlackTitle "II"]
[WhiteElo "1572"]
[BlackElo "1253"]

1. e4 c5 2. Nf3 e6 3. d4 cxd4 4. Nxd4 a6 5. c4 Qc7 6. Nc3 Be7 7. Be3 Nf6 8. Be2
d6 9. O-O Nbd7 10. f4 b6 11. Rc1 Bb7 12. Bf3 O-O 13. f5 e5 14. Nd5 Qd8 15. Ne2
Rc8 16. b4 Nxd5 17. cxd5 Bg5 18. Qd2 Bxe3+ 19. Qxe3 Qe7 20. Bg4 f6 21. h4 Rfd8
22. Bh5 h6 23. g4 Kf8 24. Kg2 Kg8 25. Ng3 Nf8 26. Qxb6 Nh7 27. Bg6 Qd7 28. Bxh7+
Kxh7 29. Ne2 Qb5 30. Qxb5 axb5 31. Rxc8 Rxc8 32. Rc1 Ra8 33. Rc2 Ra4 34. Rb2 g5
35. hxg5 hxg5 36. Nc3 Ra6 37. Nxb5 Rb6 38. Nc3 Ba6 39. b5 Kg7 40. Kf3 Bc8 41.
a4 Kf7 42. a5 Rb8 43. Ke3 Ke7 44. Kd3 Kd7 45. Kc4 Kc7 46. Ra2 Kb7 47. b6 Bd7 48.
Nb5 Bxb5+ 49. Kxb5 Rd8 50. a6+ Ka8 51. Rc2 Kb8 52. a7+ Ka8 53. Ka6 Rb8 54. b7+
Rxb7 55. Rc8+ Rb8 56. Rxb8# 1-0

[Event "Indywidualne Mistrzostwa Polski Mlodzikow do lat 10 - Chlopcy"]
[Site "Szklarska Poreba"]
[Date "1899-12-30"]
[Round "5.5"]
[White "Bartodziej, Bartosz"]
[Black "Wichrowski, Krzysztof"]
[Result "1-0"]
[WhiteTitle "II+"]
[BlackTitle "II"]
[WhiteElo "1539"]
[BlackElo "1134"]

1. e4 c5 2. Nf3 e6 3. d4 cxd4 4. Nxd4 a6 5. c4 Bc5 6. Nb3 Ba7 7. Be2 Qf6 8. O-O
Ne7 9. Qd6 Nbc6 10. Nc3 Qh4 11. g3 Qf6 12. Be3 Bb8 13. Qd2 h6 14. Bc5 O-O 15.
Bd6 Ba7 16. Rad1 b6 17. Kg2 Bb7 18. Bxe7 Nxe7 19. Qxd7 Bc6 20. Qd4 Qg6 21. Qd6
Rfe8 22. Nd4 Rad8 23. Qc7 Rd7 24. Qf4 e5 25. Qxe5 Bb8 26. Qh5 Bxe4+ 27. Nxe4 Qxe4+
28. Bf3 Qh7 29. Nc6 Rc7 30. Nxe7+ Rcxe7 31. Bc6 Rf8 32. Qh4 g5 33. Qd4 Bc7 34.
Rfe1 Rxe1 35. Rxe1 Qc2 36. Re7 Bd8 37. Rd7 Qg6 38. Rd6 Qg7 39. Rxd8 Qxd4 40. Rxd4
Kg7 41. Rd6 1-0

[Event "Indywidualne Mistrzostwa Polski Mlodzikow do lat 10 - Chlopcy"]
[Site "Szklarska Poreba"]
[Date "1899-12-30"]
[Round "5.6"]
[White "Hryniewicz, Maciej"]
[Black "Olszewski, Antoni"]
[Result "1-0"]
[WhiteTitle "II"]
[BlackTitle "II"]
[WhiteElo "1133"]
[BlackElo "1514"]

1. e4 c5 2. Nf3 e6 3. d4 cxd4 4. Nxd4 a6 5. Bd3 Nf6 6. O-O d6 7. c4 Nc6 8. Nxc6
bxc6 9. Nc3 Be7 10. Be3 O-O 11. f4 Qc7 12. Na4 c5 13. Qf3 Bb7 14. Nc3 Rfd8 15.
Rad1 d5 16. exd5 exd5 17. cxd5 Nxd5 18. Nxd5 Bxd5 19. Bxh7+ Kxh7 20. Rxd5 Rxd5
21. Qxd5 Kg8 22. Qxa8+ Bf8 23. Rc1 Kh7 24. Qxf8 1-0